Statistics for Countries with the Most Beehives

Click here to take the quiz!

General Stats

  • This quiz has been taken 30 times
  • The average score is 7 of 10

Answer Stats

# in millionsCountry% Correct
2.8United States
100%
9China
90%
3.2Russia
90%
13India
79%
3.0Spain
72%
7.9Turkey
69%
3.0Argentina
66%
6.6Iran
62%
6.0Ethiopia
38%
3.0Tanzania
31%

Score Distribution

Percentile by Number Answered

Percent of People with Each Score

Your Score History

You have not taken this quiz